Black Widow - Iggy Azalea Feat. Rita Ora - All Lyrics - Statistics

General Stats
  • This quiz has been taken 68 times
  • The average score is 364 of 493
Answer Stats
Answer % Correct
go
100%
gonna
100%
Gonna
100%
I
100%
I'm
100%
I’m
100%
I'ma
100%
l-l-l-love
100%
love
100%
sh-
100%
ya
100%
ya,
100%
you
100%
You
100%
you,
100%
a
98%
And
98%
and
98%
hate
98%
me
98%
me,
98%
'Til
98%
until
98%
what
98%
be
96%
black
96%
Black,
96%
Black
96%
black,
96%
show
96%
baby
94%
better
94%
widow,
94%
crazy
92%
really
92%
what's
92%
What's
92%
like
90%
Like
90%
known
88%
should've
88%
with
88%
to
86%
mess
84%
no
84%
then
84%
the
82%
It
80%
it
80%
it,
80%
it)
80%
We
80%
we
80%
how
78%
in
78%
now
76%
Now
76%
so
76%
So
76%
than
76%
just
74%
Just
74%
that
74%
CAT
72%
harder
72%
This
72%
this
72%
us
72%
us,
72%
for
68%
is
68%
do
66%
It's
66%
it's
66%
used
66%
wanna
62%
all
60%
but
60%
But
60%
on
60%
(On
60%
free
58%
hurts
58%
peace
58%
rest
58%
set
58%
time
58%
time,
58%
was
58%
we're
58%
were
58%
your
58%
cat
56%
much,
56%
against
54%
always
54%
fucking?
54%
mouse
54%
same
54%
starts
54%
whatever
54%
works
54%
world,
54%
game
52%
never
52%
want
52%
as
50%
feel
50%
from
50%
get
50%
loved
50%
my
50%
nothin'
50%
weave
50%
web
50%
Web
50%
gave
48%
First
46%
something,
46%
thirsty
46%
went
46%
doin'
44%
Feeling'
44%
lovin'
44%
play,
44%
beg
42%
both
42%
ever
42%
last
42%
last,
42%
stupid
42%
astray
40%
don't
40%
got
40%
If
40%
any
38%
couldn't
38%
Jesus,
38%
make
38%
sing
38%
up
38%
wouldn't
38%
ain't
36%
believe
36%
between
36%
different
36%
down
36%
dream
36%
liking
36%
song
36%
wasn't
36%
you'll
36%
at,
34%
everything
34%
forever,
34%
forever
34%
hallelujah
34%
have
34%
knees,
34%
long
34%
met
34%
need
34%
or
34%
say
34%
see
34%
singin'
34%
stuck
34%
can't
32%
‘Cause
32%
clearer,
32%
out,
32%
plead
32%
somehow
32%
back
30%
breathe
30%
bring
30%
'em
30%
nobody
30%
plays
30%
take
30%
mean
28%
place
28%
praise
28%
promise
28%
wanted
28%
fiend
24%
it'll
24%
twisted
24%
wake
24%
yours
24%
fall
22%
here
22%
everywhere
20%
Might,
20%
might
20%
quit
20%
that'll
20%
That'll
20%
air
18%
attraction,
18%
believin'
18%
fatal
18%
gaspin'
18%
lean
18%
mind
18%
mirrored
18%
check
16%
scan
16%
forward
14%
they
14%
No matching quizzes found
Score Distribution
Percent of People with Each Score
Percentile by Number Answered
Your Score History
You have not taken this quiz